Anthropological journeys : (Record no. 134150)

MARC details
000 -LEADER
fixed length control field 00783nam a22002537a 4500
003 - CONTROL NUMBER IDENTIFIER
control field dpl
005 - DATE AND TIME OF LATEST TRANSACTION
control field 20170124110221.0
008 - FIXED-LENGTH DATA ELEMENTS--GENERAL INFORMATION
fixed length control field 161212b xxu||||| |||| 00| 0 eng d
010 ## - LIBRARY OF CONGRESS CONTROL NUMBER
LC control number A-947392
020 ## - INTERNATIONAL STANDARD BOOK NUMBER
Terms of availability 00.00
International Standard Book Number 8125012214
035 ## - SYSTEM CONTROL NUMBER
System control number A-947392
037 ## - SOURCE OF ACQUISITION
Source of stock number/acquisition Cen Lib/Ret
040 ## - CATALOGING SOURCE
Original cataloging agency DPL
Language of cataloging EN
Transcribing agency TIT
082 ## - DEWEY DECIMAL CLASSIFICATION NUMBER
Classification number 301
Item number ANT
245 ## - TITLE STATEMENT
Title Anthropological journeys :
Statement of responsibility, etc edited by Meenakshi Thapan
Remainder of title reflections on fieldwork /
260 ## - PUBLICATION, DISTRIBUTION, ETC. (IMPRINT)
Name of publisher, distributor, etc Orient Longman
Date of publication, distribution, etc 1998
Place of publication, distribution, etc New Delhi
270 ## - ADDRESS
City New Delhi
Address 1/24, asaf ali road
Postal code 110002
300 ## - PHYSICAL DESCRIPTION
Extent x, 320p.
Dimensions 21cm(Hb)
500 ## - GENERAL NOTE
General note Includes index
650 ## - SUBJECT ADDED ENTRY--TOPICAL TERM
Topical term or geographic name as entry element Anthropology
General subdivision Fieldwork
9 (RLIN) 18531
650 ## - SUBJECT ADDED ENTRY--TOPICAL TERM
Topical term or geographic name as entry element Ethnology
General subdivision Fieldwork
9 (RLIN) 18532
700 ## - ADDED ENTRY--PERSONAL NAME
Personal name Thapan, Meenakshi
9 (RLIN) 15922
942 ## - ADDED ENTRY ELEMENTS (KOHA)
Source of classification or shelving scheme Dewey Decimal Classification
Koha item type English Books
Classification part 301
Call number suffix ANT
Holdings
Withdrawn status Lost status Source of classification or shelving scheme Damaged status Not for loan Home library Current library Date acquired Source of acquisition Cost, normal purchase price Total Checkouts Full call number Barcode Date last seen Copy number Cost, replacement price Price effective from Koha item type
    Dewey Decimal Classification     Central Library Central Library 29/07/2015 Cen Lib/Ret 0.00   301 ANT A-947392 29/07/2015 1 0.00 29/07/2015 English Books

© Delhi Public Library
Hit Counter
free hit counter